000 00651nam a2200205Ia 4500
003 OSt
005 20260425124648.0
008 240806s9999||||xx |||||||||||||| ||und||
020 _a9789966259325
040 _aKenya National Library Service
082 _a823.914 NGU
100 _aNgugi wa Thiong'o
245 0 _aIn the house of the interpreter :
_ba memoir /
_cNgugi wa Thiong'o
300 _a[12],150 pages ;
_c24 cm
650 _aEnglish literature.
942 _cBK
_2ddc
_h823.914 NGU
999 _c278531
_d278531